000
00273nam a2200121 a 4500
008
100920s1976|||| d
245
1
0
_a
Ejzenštejn
100
1
_a
Šklovskij, Viktor
260
_b
Obzor
_a
Bratislava
_c
1976
020
_c
28
044
_a
xo
_c
SK
041
_a
slo
999
_c
10524
_d
10524